Gospodarcze otoczenie banku
Saved in:
| Main Author: | |
|---|---|
| Format: | Book |
| Language: | Polish |
| Published: |
Warszawa
Wydawnictwo Twigger SA
1997
|
| Series: | Vademecum bankowca
3 |
| Subjects: | |
| Tags: |
No Tags, Be the first to tag this record!
|
MARC
| LEADER | 00000nam a2200000 4500 | ||
|---|---|---|---|
| 001 | c123787 | ||
| 005 | 20221124074641.5 | ||
| 020 | |a 83-85946-80-2 | ||
| 041 | 0 | |a pol | |
| 044 | |a PL | ||
| 245 | 1 | 0 | |a Gospodarcze otoczenie banku |c Tadeusz Borkowski |
| 264 | 1 | |a Warszawa |b Wydawnictwo Twigger SA |c 1997 | |
| 300 | |a 54 s. | ||
| 490 | 1 | |a Vademecum bankowca |v 3 | |
| 830 | 0 | |a Vademecum bankowca |v 3 | |
| 610 | 2 | 0 | |a banky |
| 610 | 2 | 0 | |a bankovníctvo |
| 610 | 2 | 0 | |a peniaze |
| 610 | 2 | 0 | |a rovnováha peňažná |
| 610 | 2 | 0 | |a tovar |
| 610 | 2 | 0 | |a financie |
| 610 | 2 | 0 | |a politika finančná |
| 610 | 2 | 0 | |a služby bankové |
| 100 | 1 | |a Borkowski, Tadeusz | |